[Event "8. Open Sub-20 contra la Droga"]
[Site "Logroño ESP"]
[Date "2007.08.17"]
[Round "6.9"]
[White "Romero Lopez, Marta"]
[Black "Sierra Carranza, Sergio"]
[Result "1-0"]
[WhiteElo "2004"]
[BlackElo "1760"]
[PlyCount "57"]
[EventDate "2007.08.14"]
[EventType "swiss"]
[EventRounds "8"]
[EventCountry "ESP"]
[Source "lmi"]
[SourceDate "2007.08.14"]

1. d4 Nf6 2. Nf3 e6 3. Bg5 d5 4. e3 Nbd7 5. c4 Bd6 6. cxd5 exd5 7. Nc3 c6 8.
Qc2 O-O 9. Bd3 b5 10. O-O Qc7 11. Rfc1 Qb8 12. Ne2 Bb7 13. a4 a6 14. Bf4 Re8
15. Nd2 Nf8 16. Nb3 Ne6 17. Bxd6 Qxd6 18. Na5 Bc8 19. Qxc6 Qxc6 20. Nxc6 bxa4
21. Rxa4 Nd7 22. Nb4 Nb6 23. Ra5 Bb7 24. Nc3 Rec8 25. Rca1 Nc4 26. Bxc4 Rxc4
27. Nbxd5 Bxd5 28. Nxd5 h6 29. Nb6 1-0

[Event "8. Open Sub-20 contra la Droga"]
[Site "Logroño ESP"]
[Date "2007.08.17"]
[Round "6.10"]
[White "Elexpe Bastida, Oscar"]
[Black "Morgaenko, Ekaterina"]
[Result "1/2-1/2"]
[WhiteElo "1623"]
[BlackElo "1917"]
[PlyCount "65"]
[EventDate "2007.08.14"]
[EventType "swiss"]
[EventRounds "8"]
[EventCountry "ESP"]
[Source "lmi"]
[SourceDate "2007.08.14"]

1. c4 e5 2. Nc3 Nc6 3. g3 f5 4. Bg2 Nf6 5. e3 d6 6. d3 Be7 7. Nge2 O-O 8. O-O
Kh8 9. Rb1 a5 10. a3 Na7 11. b4 axb4 12. axb4 c6 13. b5 Bd7 14. bxc6 bxc6 15.
Bd2 Qc7 16. d4 e4 17. f3 d5 18. cxd5 cxd5 19. Nf4 Qd6 20. Qe2 g5 21. fxe4 fxe4
22. Nh3 h6 23. Na2 Nc6 24. Nb4 Nxb4 25. Bxb4 Qe6 26. Nf2 Bxb4 27. Rxb4 Rab8 28.
Rfb1 Rxb4 29. Rxb4 Qd6 30. Qb2 Rc8 31. Rb6 Rc6 32. Rb8+ Rc8 33. Rb6 1/2-1/2

[Event "8. Open Sub-20 contra la Droga"]
[Site "Logroño ESP"]
[Date "2007.08.17"]
[Round "7.1"]
[White "Rzayev, Bahruz"]
[Black "Khamrakulov, Dzhurabek"]
[Result "1/2-1/2"]
[WhiteElo "2073"]
[BlackElo "2322"]
[PlyCount "59"]
[EventDate "2007.08.14"]
[EventType "swiss"]
[EventRounds "8"]
[EventCountry "ESP"]
[Source "lmi"]
[SourceDate "2007.08.14"]

1. e4 c6 2. Nc3 d5 3. Nf3 dxe4 4. Nxe4 Nd7 5. d4 Ngf6 6. Ng3 e6 7. Bd3 c5 8. c3
cxd4 9. cxd4 Bb4+ 10. Bd2 Bxd2+ 11. Qxd2 b6 12. O-O Bb7 13. Ne5 O-O 14. Qe2 Nd5
15. f4 Nb4 16. Be4 Bxe4 17. Nxe4 Nf6 18. Nxf6+ gxf6 19. Nf3 Qd6 20. f5 Qd5 21.
fxe6 fxe6 22. a3 Nc6 23. Rad1 Rad8 24. Rfe1 Rd6 25. Rd2 Rfd8 26. Qe3 Qf5 27. h3
Ne7 28. g4 Qg6 29. Rg2 Nd5 30. Qd2 1/2-1/2

[Event "8. Open Sub-20 contra la Droga"]
[Site "Logroño ESP"]
[Date "2007.08.17"]
[Round "7.2"]
[White "Cruz Sanchez, Cristian"]
[Black "Talishzada, Orhan"]
[Result "1-0"]
[WhiteElo "2451"]
[BlackElo "2114"]
[PlyCount "47"]
[EventDate "2007.08.14"]
[EventType "swiss"]
[EventRounds "8"]
[EventCountry "ESP"]
[Source "lmi"]
[SourceDate "2007.08.14"]

1. d4 d5 2. c4 c6 3. Nc3 Nf6 4. e3 Bf5 5. Nf3 e6 6. Nh4 Be7 7. Nxf5 exf5 8. Bd3
g6 9. O-O O-O 10. b3 Ne4 11. Ne2 Bd6 12. Qc2 Re8 13. f3 Nf6 14. Bd2 Nbd7 15.
Rae1 Nf8 16. c5 Bc7 17. b4 Ne6 18. a4 Qd7 19. g3 Ne4 20. Bc1 b6 21. fxe4 fxe4
22. Ba6 Ng5 23. Kh1 Nf3 24. Rd1 1-0

[Event "8. Open Sub-20 contra la Droga"]
[Site "Logroño ESP"]
[Date "2007.08.17"]
[Round "7.3"]
[White "Idrisov, Tebriz"]
[Black "Lariño Nieto, David"]
[Result "0-1"]
[WhiteElo "2149"]
[BlackElo "2435"]
[PlyCount "52"]
[EventDate "2007.08.14"]
[EventType "swiss"]
[EventRounds "8"]
[EventCountry "ESP"]
[Source "lmi"]
[SourceDate "2007.08.14"]

1. d4 Nf6 2. Nf3 d5 3. Bf4 c5 4. c3 Nc6 5. e3 Qb6 6. Qb3 c4 7. Qc2 Bf5 8. Qc1
Nh5 9. Nbd2 Nxf4 10. exf4 Qc7 11. Ne5 f6 12. Nxc6 bxc6 13. b3 e5 14. fxe5 fxe5
15. Nf3 e4 16. Nh4 Be6 17. bxc4 Be7 18. cxd5 cxd5 19. Bb5+ Bd7 20. Bxd7+ Qxd7
21. g3 Bxh4 22. gxh4 O-O 23. Qg5 h6 24. Qh5 Rf5 25. Qg4 Raf8 26. O-O-O Qc6 0-1

[Event "8. Open Sub-20 contra la Droga"]
[Site "Logroño ESP"]
[Date "2007.08.17"]
[Round "7.5"]
[White "Alarcia Astiz, Carlos"]
[Black "Sariyev, Riad"]
[Result "1/2-1/2"]
[WhiteElo "2173"]
[BlackElo "1964"]
[PlyCount "58"]
[EventDate "2007.08.14"]
[EventType "swiss"]
[EventRounds "8"]
[EventCountry "ESP"]
[Source "lmi"]
[SourceDate "2007.08.14"]

1. e4 c5 2. Nf3 d6 3. d4 cxd4 4. Nxd4 Nf6 5. Nc3 a6 6. f4 e6 7. Nf3 Be7 8. Bd3
Nc6 9. O-O O-O 10. Qe1 e5 11. f5 b5 12. a3 Bb7 13. Qg3 Kh8 14. Qh3 Nd4 15. g4
Nxf3+ 16. Rxf3 Nd7 17. Be3 Nc5 18. Rd1 Nxd3 19. Rxd3 Rc8 20. Qh5 g6 21. Qh6 Rg8
22. fxg6 Rxg6 23. Qh5 Qg8 24. h3 f6 25. Rf2 Qe6 26. Kh2 Rc4 27. b3 Rc8 28. Qf5
Qxf5 29. Rxf5 Rgg8 1/2-1/2

[Event "8. Open Sub-20 contra la Droga"]
[Site "Logroño ESP"]
[Date "2007.08.17"]
[Round "7.6"]
[White "Forcen Esteban, Daniel"]
[Black "Aranaz Murillo, Amalia"]
[Result "1-0"]
[WhiteElo "2134"]
[BlackElo "1706"]
[PlyCount "83"]
[EventDate "2007.08.14"]
[EventType "swiss"]
[EventRounds "8"]
[EventCountry "ESP"]
[Source "lmi"]
[SourceDate "2007.08.14"]

1. e4 c6 2. d4 d5 3. Nc3 dxe4 4. Nxe4 Bf5 5. Ng3 Bg6 6. Nf3 e6 7. Ne5 Nd7 8.
Nxg6 hxg6 9. Bd3 Bd6 10. Ne4 Be7 11. Bf4 Ndf6 12. c3 Nxe4 13. Bxe4 Nf6 14. Bf3
Nd5 15. Be5 Bf6 16. Bxf6 gxf6 17. Qa4 Qc7 18. g3 a6 19. O-O-O O-O-O 20. Kb1 Kb8
21. Qb3 f5 22. h4 Qe7 23. c4 Nc7 24. Bxc6 Ne8 25. Bf3 Nf6 26. Rhe1 Qc7 27. Re5
Nd7 28. Ra5 Ka7 29. c5 Nb8 30. Ra3 Nc6 31. Qa4 Rd7 32. Rb3 Rhd8 33. Rb6 Rxd4
34. Rxd4 Rxd4 35. Rxc6 Qe5 36. Qa5 Re4 37. Rd6 Re1+ 38. Kc2 Re2+ 39. Bxe2 Qxe2+
40. Qd2 Qc4+ 41. Kb1 Qe4+ 42. Qc2 1-0

[Event "8. Open Sub-20 contra la Droga"]
[Site "Logroño ESP"]
[Date "2007.08.17"]
[Round "7.7"]
[White "Diaz Herrero, Alvaro"]
[Black "Accattato Martin, Mario"]
[Result "1/2-1/2"]
[WhiteElo "1951"]
[BlackElo "2129"]
[PlyCount "63"]
[EventDate "2007.08.14"]
[EventType "swiss"]
[EventRounds "8"]
[EventCountry "ESP"]
[Source "lmi"]
[SourceDate "2007.08.14"]

1. e4 c5 2. Nc3 Nc6 3. Nge2 d6 4. d4 cxd4 5. Nxd4 e5 6. Nf3 Nf6 7. Bc4 Be6 8.
Bb3 h6 9. O-O Be7 10. Re1 O-O 11. Nd5 Rc8 12. Qd3 Bxd5 13. exd5 Nb8 14. Nd2
Nbd7 15. c4 Nc5 16. Qe2 Qb6 17. Bc2 Nfd7 18. Qh5 Bg5 19. Rb1 f5 20. h4 Nf6 21.
Qg6 Bxh4 22. g3 Bg5 23. Bxf5 e4 24. Nxe4 Ncxe4 25. Rxe4 Nxe4 26. Qh7+ Kf7 27.
Qg6+ Kg8 28. Qh7+ Kf7 29. Qg6+ Kg8 30. Qh7+ Kf7 31. Qg6+ Kg8 32. Qh7+ 1/2-1/2

[Event "8. Open Sub-20 contra la Droga"]
[Site "Logroño ESP"]
[Date "2007.08.17"]
[Round "7.8"]
[White "Martinez Perez, Jorge"]
[Black "Lopez Gil, Diego"]
[Result "1-0"]
[WhiteElo "2032"]
[BlackElo "1700"]
[PlyCount "41"]
[EventDate "2007.08.14"]
[EventType "swiss"]
[EventRounds "8"]
[EventCountry "ESP"]
[Source "lmi"]
[SourceDate "2007.08.14"]

1. Nf3 c5 2. b3 Nf6 3. Bb2 e6 4. e3 Be7 5. Be2 O-O 6. d3 a6 7. Nbd2 b5 8. O-O
Bb7 9. c4 bxc4 10. Nxc4 d5 11. Nce5 Nbd7 12. d4 cxd4 13. Qxd4 Nxe5 14. Nxe5 Rc8
15. Bd3 Bd6 16. Ng4 Be7 17. f4 Qd6 18. Rf3 Ne8 19. Bxh7+ Kxh7 20. Rh3+ Kg6 21.
Ne5+ 1-0

[Event "8. Open Sub-20 contra la Droga"]
[Site "Logroño ESP"]
[Date "2007.08.17"]
[Round "7.9"]
[White "Santos Latasa, Jaime"]
[Black "Romero Lopez, Marta"]
[Result "0-1"]
[WhiteElo "1913"]
[BlackElo "2004"]
[PlyCount "134"]
[EventDate "2007.08.14"]
[EventType "swiss"]
[EventRounds "8"]
[EventCountry "ESP"]
[Source "lmi"]
[SourceDate "2007.08.14"]

1. e4 d5 2. exd5 Qxd5 3. Nc3 Qa5 4. Bc4 Nf6 5. d3 c6 6. Bd2 Qc7 7. Qe2 Bg4 8.
f3 Bf5 9. g4 Bc8 10. O-O-O b6 11. h4 Bb7 12. Nh3 e6 13. Bf4 Bd6 14. Bxd6 Qxd6
15. Ne4 Qe7 16. h5 h6 17. Qh2 Nxe4 18. dxe4 Nd7 19. Rhe1 e5 20. f4 O-O-O 21. g5
exf4 22. Qxf4 Ne5 23. Rxd8+ Rxd8 24. Bb3 c5 25. gxh6 gxh6 26. a3 c4 27. Ba2 Qd6
28. Nf2 Qe6 29. Qf5 Kc7 30. Qxe6 fxe6 31. Rg1 b5 32. Rg7+ Rd7 33. Rg8 Rf7 34.
Ng4 Nxg4 35. Rxg4 Rf1+ 36. Kd2 Ra1 37. Bxc4 bxc4 38. Rg7+ Kb6 39. Rg6 Bc8 40.
Kc3 Kc5 41. Rxh6 Rh1 42. Rh8 Rh3+ 43. Kd2 Bb7 44. e5 Kd4 45. c3+ Ke4 46. Rh7
Rh2+ 47. Kc1 Kd3 48. Kb1 Bd5 49. Rxa7 Rh1+ 50. Ka2 Rxh5 51. a4 Rxe5 52. a5 Kc2
53. Ka3 Re1 54. Ka2 Rb1 55. Rc7 Rxb2+ 56. Ka3 Kxc3 57. a6 Rb6 58. Ra7 Bc6 59.
Ka2 Bb5 60. Rb7 Rxa6+ 61. Kb1 Kb4 62. Kc2 Ra2+ 63. Kb1 Re2 64. Kc1 c3 65. Kd1
c2+ 66. Kc1 Kc3 67. Rc7+ Bc4 0-1

[Event "8. Open Sub-20 contra la Droga"]
[Site "Logroño ESP"]
[Date "2007.08.18"]
[Round "8.1"]
[White "Khamrakulov, Dzhurabek"]
[Black "Forcen Esteban, Daniel"]
[Result "1-0"]
[WhiteElo "2322"]
[BlackElo "2134"]
[PlyCount "45"]
[EventDate "2007.08.14"]
[EventType "swiss"]
[EventRounds "8"]
[EventCountry "ESP"]
[Source "lmi"]
[SourceDate "2007.08.14"]

1. e4 c5 2. Nf3 d6 3. c3 Nf6 4. Be2 Nc6 5. d3 g6 6. h3 Bg7 7. Be3 O-O 8. Nbd2
a6 9. O-O b5 10. d4 cxd4 11. cxd4 Bb7 12. d5 Nb8 13. Qb3 Qd7 14. a4 bxa4 15.
Rxa4 a5 16. Rfa1 Na6 17. Rxa5 Nc5 18. Bxc5 dxc5 19. Qb6 Rfc8 20. Bb5 Rxa5 21.
Rxa5 Qc7 22. Qxc7 Rxc7 23. Ra7 1-0

[Event "8. Open Sub-20 contra la Droga"]
[Site "Logroño ESP"]
[Date "2007.08.18"]
[Round "8.2"]
[White "Lariño Nieto, David"]
[Black "Rzayev, Bahruz"]
[Result "0-1"]
[WhiteElo "2435"]
[BlackElo "2073"]
[PlyCount "86"]
[EventDate "2007.08.14"]
[EventType "swiss"]
[EventRounds "8"]
[EventCountry "ESP"]
[Source "lmi"]
[SourceDate "2007.08.14"]

1. e4 c5 2. Nc3 Nc6 3. g3 g6 4. Bg2 Bg7 5. d3 d6 6. f4 e6 7. Nf3 Nge7 8. O-O
O-O 9. Be3 Nd4 10. e5 Nxf3+ 11. Qxf3 dxe5 12. Bxc5 Qc7 13. Ba3 Rd8 14. Kh1 exf4
15. Nb5 Qd7 16. Qxf4 Nd5 17. Qf2 Ne3 18. Qxe3 Qxb5 19. Be7 Re8 20. Bf6 e5 21.
Bxg7 Kxg7 22. Qf3 f5 23. b3 Rb8 24. Qe3 b6 25. d4 Bb7 26. Bxb7 Rxb7 27. Qf3 Qd7
28. Rfe1 e4 29. Qe3 b5 30. c4 bxc4 31. bxc4 Rc8 32. Rac1 Rbc7 33. c5 Qd5 34. g4
Kh8 35. gxf5 gxf5 36. Rg1 f4 37. Qxf4 e3+ 38. Rg2 Rg7 39. Rcg1 e2 40. Qf2 Re8
41. Qe1 Qf3 42. d5 Reg8 43. Qa1 e1=Q 0-1

[Event "8. Open Sub-20 contra la Droga"]
[Site "Logroño ESP"]
[Date "2007.08.18"]
[Round "8.3"]
[White "Romero Lopez, Marta"]
[Black "Cruz Sanchez, Cristian"]
[Result "0-1"]
[WhiteElo "2004"]
[BlackElo "2451"]
[PlyCount "82"]
[EventDate "2007.08.14"]
[EventType "swiss"]
[EventRounds "8"]
[EventCountry "ESP"]
[Source "lmi"]
[SourceDate "2007.08.14"]

1. d4 Nf6 2. Bg5 e6 3. e3 c5 4. c3 d5 5. Nf3 Nbd7 6. Nbd2 Bd6 7. Bd3 O-O 8. O-O
h6 9. Bh4 Qc7 10. Bg3 Bxg3 11. hxg3 e5 12. dxe5 Nxe5 13. Nxe5 Qxe5 14. Be2 Rd8
15. Nf3 Qc7 16. Qc2 Be6 17. Rfd1 Rd6 18. c4 dxc4 19. Rxd6 Qxd6 20. Bxc4 Bxc4
21. Qxc4 Rd8 22. Rc1 b6 23. Kf1 Kf8 24. Ke2 g5 25. Qc2 Qe6 26. Qc4 Qf5 27. Ne1
Ne4 28. Nd3 Kg8 29. b3 Rd6 30. Rf1 b5 31. Qc2 b4 32. Qc4 Nc3+ 33. Kd2 Nxa2 34.
g4 Qe5 35. Kc2 Qc3+ 36. Qxc3 bxc3 37. Rd1 Kg7 38. f3 a5 39. Nf2 Rb6 40. Ne4 c4
41. Nc5 Rb5 0-1

[Event "8. Open Sub-20 contra la Droga"]
[Site "Logroño ESP"]
[Date "2007.08.18"]
[Round "8.4"]
[White "Alarcia Astiz, Carlos"]
[Black "Martinez Perez, Jorge"]
[Result "1-0"]
[WhiteElo "2173"]
[BlackElo "2032"]
[PlyCount "137"]
[EventDate "2007.08.14"]
[EventType "swiss"]
[EventRounds "8"]
[EventCountry "ESP"]
[Source "lmi"]
[SourceDate "2007.08.14"]

1. e4 d5 2. exd5 Qxd5 3. Nc3 Qd6 4. g3 Nf6 5. Bg2 Bg4 6. Nf3 Nc6 7. O-O e5 8.
h3 Bh5 9. g4 Bg6 10. Nh4 O-O-O 11. d3 Be7 12. Be3 a6 13. Qf3 Nd7 14. Nxg6 Qxg6
15. Nd5 Bd6 16. b4 h5 17. g5 e4 18. Qxe4 Qxe4 19. Bxe4 Bxb4 20. Nxb4 Nxb4 21.
Rab1 c5 22. a3 Nc6 23. Rb2 Rhe8 24. Rfb1 Rxe4 25. dxe4 b6 26. Rd1 Re8 27. f3
Nce5 28. Kf2 Nc4 29. Rb3 Nde5 30. Rc3 Na5 31. f4 Nec4 32. Kf3 Kc7 33. Rd5 Kc6
34. Rcd3 Re7 35. Bd2 Nb7 36. Bc3 Nxa3 37. Bxg7 Nxc2 38. Bc3 b5 39. f5 b4 40.
Re5 Rc7 41. Bd2 Nd6 42. g6 Nc4 43. Re8 fxg6 44. fxg6 b3 45. Re6+ Kb5 46. Rxb3+
Ka4 47. Rd3 Nxd2+ 48. Rxd2 Nd4+ 49. Rxd4+ cxd4 50. Rxa6+ Kb3 51. Rd6 Kc3 52. e5
Kd3 53. Kf4 Re7 54. Kf5 Ke3 55. Kf6 Re8 56. Kf7 Rxe5 57. g7 Rf5+ 58. Rf6 Rg5
59. g8=Q Rxg8 60. Kxg8 d3 61. Rd6 d2 62. Kg7 Ke2 63. Kg6 h4 64. Kg5 d1=Q 65.
Rxd1 Kxd1 66. Kxh4 Ke2 67. Kg5 Ke3 68. h4 Ke4 69. h5 1-0

[Event "8. Open Sub-20 contra la Droga"]
[Site "Logroño ESP"]
[Date "2007.08.18"]
[Round "8.5"]
[White "Peñalosa Pinilla, Jesus"]
[Black "Anaya Lopez, Victor"]
[Result "1-0"]
[WhiteElo "2207"]
[BlackElo "1959"]
[PlyCount "147"]
[EventDate "2007.08.14"]
[EventType "swiss"]
[EventRounds "8"]
[EventCountry "ESP"]
[Source "lmi"]
[SourceDate "2007.08.14"]

1. e4 c5 2. Nf3 Nc6 3. d4 cxd4 4. Nxd4 Nf6 5. Nc3 e5 6. Ndb5 d6 7. Bg5 a6 8.
Na3 b5 9. Nd5 Be7 10. Nxe7 Nxe7 11. Bxf6 gxf6 12. Qf3 f5 13. exf5 Bxf5 14. Bd3
Bxd3 15. Qxd3 d5 16. c3 Qd6 17. Nc2 Qg6 18. Qxg6 hxg6 19. a4 Kd7 20. Kd2 Nc6
21. Ra2 Ke6 22. b4 d4 23. cxd4 Nxd4 24. Nxd4+ exd4 25. h3 Kd5 26. Rha1 Rab8 27.
axb5 Rxb5 28. Rxa6 Rxb4 29. R1a5+ Kc4 30. Rc6+ Kb3 31. Ra7 f5 32. Raa6 g5 33.
Rab6 g4 34. Rxb4+ Kxb4 35. hxg4 fxg4 36. Rg6 Rf8 37. Ke2 Kc3 38. Rc6+ Kb4 39.
Re6 Kc3 40. Rc6+ Kb4 41. Rc7 Rf6 42. Rg7 Kc3 43. Rc7+ Kb4 44. Rc8 Rf7 45. Rc2
Kb5 46. Kd3 Rd7 47. Re2 Kc5 48. Re5+ Rd5 49. Re2 Rd7 50. Re4 Rf7 51. Ke2 d3+
52. Kxd3 Rxf2 53. Rxg4 Kd5 54. Ke3 Rf8 55. Rf4 Rg8 56. g4 Ke5 57. Rf5+ Ke6 58.
Kf4 Ra8 59. Kg5 Rg8+ 60. Kh4 Rh8+ 61. Kg3 Rg8 62. Rf1 Rg6 63. Kh4 Rg8 64. g5
Rh8+ 65. Kg4 Rh2 66. g6 Rg2+ 67. Kh5 Ke7 68. Kh6 Rh2+ 69. Kg7 Rg2 70. Kh7 Rh2+
71. Kg8 Rg2 72. g7 Ke8 73. Re1+ Kd8 74. Re5 1-0

[Event "8. Open Sub-20 contra la Droga"]
[Site "Logroño ESP"]
[Date "2007.08.18"]
[Round "8.8"]
[White "Talishzada, Orhan"]
[Black "Diaz Herrero, Alvaro"]
[Result "1-0"]
[WhiteElo "2114"]
[BlackElo "1951"]
[PlyCount "87"]
[EventDate "2007.08.14"]
[EventType "swiss"]
[EventRounds "8"]
[EventCountry "ESP"]
[Source "lmi"]
[SourceDate "2007.08.14"]

1. e4 c5 2. c3 d5 3. exd5 Qxd5 4. d4 Nf6 5. Nf3 Bg4 6. Be2 e6 7. O-O Nc6 8. Be3
cxd4 9. Nxd4 Bxe2 10. Qxe2 Nxd4 11. Bxd4 Be7 12. Rd1 Qc6 13. Nd2 O-O 14. Nf3
Qe4 15. Kf1 Qxe2+ 16. Kxe2 Rfd8 17. c4 Ne8 18. Be3 Nd6 19. Rac1 Nf5 20. Rxd8+
Rxd8 21. Bd2 f6 22. g4 Nd6 23. Be3 e5 24. a3 a6 25. Bb6 Rc8 26. c5 Nb5 27. a4
Nc7 28. c6 bxc6 29. Rxc6 Bd8 30. Ba5 Kf7 31. b4 Ke7 32. Bxc7 Rxc7 33. Rxa6 Rc4
34. b5 Rxg4 35. a5 Rb4 36. Ra7+ Kd6 37. b6 g6 38. Rxh7 Ra4 39. b7 Rb4 40. a6
Rb2+ 41. Kd1 Bc7 42. Rh8 Rb6 43. Rc8 Rxa6 44. b8=Q 1-0

[Event "8. Open Sub-20 contra la Droga"]
[Site "Logroño ESP"]
[Date "2007.08.18"]
[Round "8.10"]
[White "Sierra Carranza, Sergio"]
[Black "Morgaenko, Ekaterina"]
[Result "1/2-1/2"]
[WhiteElo "1760"]
[BlackElo "1917"]
[PlyCount "43"]
[EventDate "2007.08.14"]
[EventType "swiss"]
[EventRounds "8"]
[EventCountry "ESP"]
[Source "lmi"]
[SourceDate "2007.08.14"]

1. e4 c6 2. d4 d5 3. Nc3 dxe4 4. Nxe4 Nf6 5. Ng3 h5 6. Be3 h4 7. N3e2 Bg4 8. c3
e6 9. Qb3 Qd7 10. Nf4 Bd6 11. Nd3 Qc7 12. h3 Bh5 13. Bg5 Ne4 14. Be3 g5 15. Be2
Bg6 16. Nf3 Be7 17. Nfe5 Bf5 18. Qd1 Nd7 19. Bh5 Nxe5 20. Nxe5 Nd6 21. Bf3
O-O-O 22. Qa4 1/2-1/2